Upravlenčekije informacionnyje sistemy
Na minha lista:
| Autor principal: | |
|---|---|
| Outros Autores: | |
| Formato: | Capítulo de Livro |
| Idioma: | russo |
| Tags: |
Sem tags, seja o primeiro a adicionar uma tag!
|
MARC
| LEADER | 00000naa a2200000 4500 | ||
|---|---|---|---|
| 001 | 0159416 | ||
| 005 | 20240502083352.1 | ||
| 041 | 0 | |a rus | |
| 044 | |a RU | ||
| 245 | 1 | 0 | |a Upravlenčekije informacionnyje sistemy |c Elvíra Dudinská, Martin Mizla |
| 100 | 1 | |a Dudinská, Elvíra | |
| 700 | 1 | |a Mizla, Martin, 1955- | |